| 000 | 00632nam a2200229Ia 4500 | ||
|---|---|---|---|
| 008 | 180523s9999 xx 000 0 und d | ||
| 020 | _a0-07-123728-3 | ||
| 050 | _aMAIN TD 145 | ||
| 050 | _b.D38 2004 c.2 | ||
| 100 | _aDavis, MacKenzie L. | ||
| 245 | 0 | _aPrinciples of environmental engineering and science / | |
| 245 | 0 | _cMacKenzie L. Davis, Susan J. Masten. | |
| 260 | _aNew York : | ||
| 260 | _bMcGraw-Hill, | ||
| 260 | _c2004 | ||
| 300 | _a704 pages : | ||
| 300 | _billustrations ; | ||
| 300 | _c23 cm. | ||
| 500 | _aIncludes index. | ||
| 650 | _aEnvironmental engineering. | ||
| 650 | _xEnvironmental sciences. | ||
| 999 |
_c357696 _d357696 |
||